[Event "UKR-ch"]
[Site "Sevastopol"]
[Date "2000.??.??"]
[Round "3"]
[White "Fedorov, Vassily"]
[Black "Kovalov, Sergiy"]
[Result "1/2-1/2"]
[WhiteElo "2248"]
[BlackElo "2389"]
[PlyCount "100"]
[EventDate "2000.??.??"]
[EventType "swiss"]
[EventRounds "9"]
[EventCountry "UKR"]
[SourceTitle "EXT 2001"]
[Source "ChessBase"]
[SourceDate "2000.11.22"]
[SourceVersion "1"]
[SourceVersionDate "2000.11.22"]
[SourceQuality "1"]

1. d4 f5 2. c4 Nf6 3. g3 g6 4. Bg2 Bg7 5. Nf3 d6 6. Nc3 0-0 7. 0-0 c6 8. b3 Na6 9. Bb2 Qa5 10. a3 e5 11. b4 Qc7 12. e3 e4 13. Nd2 Qf7 14. b5 Nc7 15. bxc6 bxc6 16. Qa4 Bd7 17. Qa5 Rfc8 18. Rfc1 Nfe8 19. Rab1 d5 20. Ne2 Nd6 21. cxd5 Nxd5 22. Nc3 Nb6 23. Bf1 c5 24. dxc5 Nb7 25. Qb4 Nxc5 26. Nd1 Bxb2 27. Nxb2 Qf8 28. Nb3 Ne6 29. Qa5 Qd6 30. Nc4 Nxc4 31. Bxc4 Kf8 32. Bxe6 Bxe6 33. Nd4 Bc4 34. Rb7 Bd3 35. Rcc7 Rxc7 36. Qxc7 Qxc7 37. Rxc7 Kg8 38. h3 a6 39. g4 fxg4 40. hxg4 Rb8 41. Kg2 Rb2 42. g5 Ra2 43. Rc3 Kf7 44. Kg3 Bf1 45. Rc7+ Kg8 46. Ne6 Rxa3 47. Rg7+ Kh8 48. Rf7 h6 49. Rf8+ Kh7 50. Rf7+ Kh8 1/2-1/2

[Event "Yalta op"]
[Site "Yalta"]
[Date "1995.??.??"]
[Round "?"]
[White "Efimov, Igor"]
[Black "Fedorov, Vassily"]
[Result "1-0"]
[WhiteElo "2450"]
[BlackElo "2445"]
[PlyCount "117"]
[EventDate "1995.??.??"]
[EventType "swiss"]
[EventRounds "9"]
[EventCountry "UKR"]
[SourceTitle "EXT 1997"]
[Source "ChessBase"]
[SourceDate "1996.11.15"]
[SourceVersion "1"]
[SourceVersionDate "1996.11.15"]
[SourceQuality "1"]

1. e4 c5 2. Nf3 e6 3. d3 Nc6 4. g3 d6 5. Bg2 Nge7 6. 0-0 g6 7. Re1 Bg7 8. c3 e5 9. a3 0-0 10. b4 a6 11. Be3 b6 12. Qc1 Re8 13. Nbd2 Bb7 14. Rb1 Rb8 15. Nf1 Ba8 16. h4 Qd7 17. h5 b5 18. Bh6 Bh8 19. hxg6 hxg6 20. Qg5 cxb4 21. axb4 d5 22. Ne3 f6 23. Qh4 Nd8 24. Ng4 Qd6 25. Be3 Nf7 26. Bc5 Qe6 27. Bh3 f5 28. Nh6+ Nxh6 29. Qxh6 Qf6 30. Ng5 Qg7 31. Qh4 Rbc8 32. Rbc1 Rc6 33. Bxe7 Qxe7 34. exd5 Bf6 35. Qh7+ Qxh7 36. Nxh7 Rd6 37. Nxf6+ Rxf6 38. Bg2 Rb6 39. f4 e4 40. dxe4 fxe4 41. Rxe4 Rxe4 42. Bxe4 Kf7 43. Kf2 Rb8 44. Ke3 Rc8 45. Kd3 Rc4 46. g4 g5 47. fxg5 Bb7 48. Rf1+ Kg8 49. Rf6 Rc7 50. Rd6 Kg7 51. Kd4 Rc4+ 52. Ke5 Bc8 53. Bf5 Rxc3 54. Rc6 Rb3 55. Rc7+ Kf8 56. Rxc8+ Kf7 57. g6+ Kg7 58. Rc7+ Kf8 59. g7+ 1-0

[Event "Yalta op"]
[Site "Yalta"]
[Date "1995.??.??"]
[Round "?"]
[White "Shaposhnikov, Evgeny"]
[Black "Fedorov, Vassily"]
[Result "1-0"]
[WhiteElo "2215"]
[BlackElo "2445"]
[PlyCount "139"]
[EventDate "1995.??.??"]
[EventType "swiss"]
[EventRounds "9"]
[EventCountry "UKR"]
[SourceTitle "EXT 1997"]
[Source "ChessBase"]
[SourceDate "1996.11.15"]
[SourceVersion "1"]
[SourceVersionDate "1996.11.15"]
[SourceQuality "1"]

1. e4 c5 2. Nf3 e6 3. d4 cxd4 4. Nxd4 a6 5. Bd3 Nf6 6. 0-0 Qc7 7. Nd2 Be7 8. f4 d6 9. Kh1 0-0 10. c4 Nbd7 11. b3 b5 12. Bb2 bxc4 13. Bxc4 d5 14. exd5 exd5 15. Be2 Nc5 16. Rc1 Qb7 17. N2f3 Ng4 18. Nc2 Ne4 19. Qe1 Bc5 20. Nfd4 Ngf6 21. Bf3 Re8 22. Qd1 Qb6 23. Bxe4 Rxe4 24. Qd2 Bd7 25. b4 Rae8 26. a3 Bf8 27. Rfe1 Nh5 28. g3 Qh6 29. Qf2 Nf6 30. Nf3 Ng4 31. Qd2 Bb5 32. Ncd4 Bc4 33. Kg1 Qb6 34. h3 Nf6 35. Ne5 Bb5 36. Kg2 Rxe1 37. Rxe1 Ne4 38. Qc2 f6 39. Nef3 Bd7 40. Qb3 Qd6 41. Bc1 Kh8 42. Be3 Rc8 43. Rc1 Rxc1 44. Bxc1 g6 45. Be3 Be7 46. Qc2 g5 47. Nd2 Nxd2 48. Qxd2 h6 49. Qc3 Kg8 50. Qd3 Kg7 51. h4 gxh4 52. gxh4 Bd8 53. h5 Qf8 54. Nf5+ Kf7 55. Qxd5+ Be6 56. Nd6+ Ke7 57. Qb7+ Bd7 58. Nc8+ Ke8 59. Qe4+ Kf7 60. Qd5+ Be6 61. Nd6+ Ke7 62. Nf5+ Kf7 63. Qe4 Bc7 64. Ng3 Qg8 65. Kf2 Bh3 66. Qc4+ Kg7 67. Qxc7+ Kh8 68. Qc2 Qd5 69. Qe4 Qa2+ 70. Ne2 1-0